| 000 | 00395nam a2200145Ia 4500 | ||
|---|---|---|---|
| 008 | 221007s9999 xx 000 0 und d | ||
| 041 | _aeng | ||
| 082 | _bUMB | ||
| 100 |
_aUmbrekar Swarada - 2K101170 & Dr. Mukund Tapkir _9101907 |
||
| 245 | 2 | _aA Study on Labour Welfare Practices | |
| 260 |
_c2012 _bPune University _aHyderabad |
||
| 300 | _a62p | ||
| 520 | _aTapkir Mukund | ||
| 906 | _bGeneral | ||
| 999 |
_c69062 _d69062 |
||